| 000 | 00670cam a22002293a 4500 | ||
|---|---|---|---|
| 001 | 1274 | ||
| 003 | PGUSA | ||
| 005 | 20140828082959.0 | ||
| 008 | 980401s1998||||xxu|||||s|||||000 1 eng d | ||
| 040 |
_aPGUSA _beng |
||
| 042 | _adc | ||
| 050 | 4 | _aPR | |
| 100 | 1 |
_aMasefield, John, _d1878-1967 |
|
| 245 | 1 | 0 |
_aMartin Hyde, the Duke's Messenger _h[electronic resource] / _cJohn Masefield |
| 260 |
_bProject Gutenberg, _c1998 |
||
| 506 | _aPublic domain in the USA. | ||
| 516 | _aElectronic text | ||
| 653 | _aMonmouth, James Scott, Duke of, 1649-1685 -- Fiction | ||
| 830 | 0 |
_aProject Gutenberg _v1274 |
|
| 856 | 4 | 0 | _uhttp://www.gutenberg.org/ebooks/1274 |
| 942 | _cEB | ||
| 999 |
_c230622 _d230622 |
||